Consumo y estilos de desarrollo

محفوظ في:
التفاصيل البيبلوغرافية
المؤلف الرئيسي: Filgueira, Carlos
التنسيق: نص
منشور في: Santiago?: CEPAL
الوسوم: إضافة وسم
لا توجد وسوم, كن أول من يضع وسما على هذه التسجيلة!

MARC

LEADER 00000 a a2200000 04500
001 19242
003
040
090 |a 019600  
100 |a Filgueira, Carlos  
245 |a Consumo y estilos de desarrollo  
260 |a Santiago?:   |b CEPAL  
300 |a 29, X p.  
999 |c 11524  |d 11524